000 00675cam a22002177a 4500
999 _c6540
_d6540
001 1995488
003 GZU
005 20210426122450.0
008 900518s1988 rh 000 0 sna
010 _a 89981639
040 _aDLC
_cDLC
_dDLC
100 1 _aHamutyinei, M. A.,
_d1934-
245 1 0 _aNdikandei mugehena /
_cnaM.A. Hamutyinei.
260 _aGweru, Zimbabwe :
_bMambo Press,
_c1988.
300 _a132 p. ;
_c18 cm.
490 1 _aMambo writers series. Shona section ;
_vvol. 26
830 0 _aMambo writers series.
_pShona section ;
_vv. 26.
906 _a7
_bcbc
_corignew
_du
_encip
_f19
_gy-gencatlg
942 _2lcc
_cBK
_h8681
_iHAM
_kPL
_m1988